000 00646nam a2200229Ia 4500
003 OSt
005 20221005113920.0
006 a|||||r|||| 00| 0
007 ta
008 221004b |||||||| |||| 00| 0 per d
024 _a56780
037 _cTextual
040 _aCRL
_cCRL
_bper
041 _2per
_aper
082 _aV2:1:K7, 164A
100 _aMuhammad Kazim Ibn-I Muhammad Amin Munshi
_9625151
245 0 _aAlamgir namah ed by Khadim Husain and Abd al-Hai, etc.
260 _c1870
650 _aHISTORY
942 _hV2:1:K7, 164A
_cTEXL
_2cc
999 _c1029723
_d1029723